[Event "Eastern Asia-ch U14 Girls"]
[Site "Tornelo INT"]
[Date "2021.10.24"]
[Round "8"]
[White "Hajatniya, Reyhaneh"]
[Black "Nguyen, Linh Dan"]
[Result "0-1"]
[WhiteElo "1348"]
[BlackElo "1474"]
[PlyCount "84"]
[EventDate "2021.10.22"]
[EventType "swiss"]
[EventRounds "9"]
[EventCountry "NET"]
[SourceTitle "EXT 2023"]
[Source "ChessBase"]
[SourceDate "2022.10.05"]
[SourceVersion "1"]
[SourceVersionDate "2022.10.05"]
[SourceQuality "1"]

1. e4 c5 2. Nc3 Nc6 3. f4 g6 4. Nf3 Bg7 5. Bb5 Nd4 6. 0-0 Nxb5 7. Nxb5 Nf6 8. Nc3 0-0 9. d3 d5 10. e5 Ne8 11. d4 c4 12. h3 Nc7 13. Qe1 f5 14. a4 Be6 15. Qh4 h6 16. g4 Qd7 17. Nh2 Rab8 18. Ne2 b5 19. axb5 Nxb5 20. c3 Ra8 21. Be3 a5 22. Ng3 a4 23. g5 h5 24. Ra2 Bf7 25. Rfa1 a3 26. Rc1 axb2 27. Rxb2 Ra3 28. Rbc2 Rfa8 29. Bd2 Ra2 30. Rxa2 Rxa2 31. Be3 Ra3 32. Ne2 Ra2 33. Qf2 Qa7 34. Qe1 Qa3 35. Rb1 Rb2 36. Ra1 Qb3 37. Rc1 Na3 38. Nf3 Nc2 39. Qd2 Nb4 40. Qe1 Nd3 41. Qd1 Nxc1 42. Qxc1 Rb1 0-1

[Event "IRI-ch U14 Girls"]
[Site "Chess.com INT"]
[Date "2021.01.16"]
[Round "7"]
[White "Hajatniya, Reyhaneh"]
[Black "Farahvashi, Zahra"]
[Result "1-0"]
[WhiteElo "1537"]
[BlackElo "1171"]
[PlyCount "61"]
[EventDate "2021.01.16"]
[EventType "swiss"]
[EventRounds "9"]
[EventCountry "IRI"]
[SourceTitle "EXT 2022"]
[Source "ChessBase"]
[SourceDate "2021.10.06"]
[SourceVersion "1"]
[SourceVersionDate "2021.10.06"]
[SourceQuality "1"]

1. e4 c6 2. d4 d5 3. f3 Nf6 4. e5 Ng8 5. c3 Bf5 6. Bd3 Bxd3 7. Qxd3 e6 8. f4 Nd7 9. Nf3 Be7 10. 0-0 Nh6 11. Be3 Nf5 12. Nbd2 0-0 13. g4 Nxe3 14. Qxe3 f5 15. exf6 gxf6 16. Qxe6+ Kh8 17. Kh1 Rg8 18. Rae1 Bf8 19. g5 Bg7 20. Qh3 Nf8 21. Rg1 Qc7 22. g6 Qxf4 23. gxh7 Nxh7 24. Rg4 Qf5 25. Nh4 Qc2 26. Ng6+ Qxg6 27. Rxg6 Rge8 28. Reg1 Re7 29. Nf3 Re2 30. Rxg7 Rae8 31. Qxh7# 1-0

[Event "IRI-ch U14 Girls"]
[Site "Chess.com INT"]
[Date "2021.01.16"]
[Round "4"]
[White "Hajatniya, Reyhaneh"]
[Black "Khosravi Mahmoei, Hasti"]
[Result "1-0"]
[WhiteElo "1537"]
[BlackElo "1310"]
[PlyCount "97"]
[EventDate "2021.01.16"]
[EventType "swiss"]
[EventRounds "9"]
[EventCountry "IRI"]
[SourceTitle "EXT 2022"]
[Source "ChessBase"]
[SourceDate "2021.10.06"]
[SourceVersion "1"]
[SourceVersionDate "2021.10.06"]
[SourceQuality "1"]

1. Nf3 Nf6 2. b3 g6 3. Bb2 Bg7 4. d4 d5 5. e3 0-0 6. Bd3 b6 7. 0-0 c5 8. Nbd2 Bb7 9. Re1 Qc7 10. a3 Ne4 11. c4 e6 12. Qc2 Nxd2 13. Nxd2 Rd8 14. cxd5 exd5 15. Rac1 Nd7 16. e4 Rac8 17. exd5 Bxd5 18. Be4 Qb7 19. Bxd5 Qxd5 20. Qc4 Qxc4 21. Nxc4 cxd4 22. Rcd1 Nc5 23. Re7 Ne6 24. Rxa7 Rf8 25. Nxb6 Rc2 26. Ba1 Rfc8 27. Nc4 Rd8 28. h3 d3 29. Bxg7 Kxg7 30. Ne5 Ng5 31. Rxd3 Rxd3 32. Nxd3 Rc3 33. Rd7 Rxb3 34. a4 Rb1+ 35. Kh2 Ra1 36. Nc5 Rc1 37. Nb7 Ne4 38. a5 Ra1 39. Re7 Nxf2 40. Re2 Nd3 41. Rd2 Nb4 42. Rd6 h5 43. Rb6 Nd5 44. Rb5 Nc7 45. Rc5 Na6 46. Rc6 Nb4 47. Rb6 Nd5 48. Rd6 Nb4 49. Rd8 1-0